Discrecionalidad judicial

Detalles Bibliográficos
Formato: eBook
Lenguaje:español
Publicado: Lima: Palestra Editores, 2021
Materias:
Acceso en línea:Acceso restringido

MARC

LEADER 00000nam a22000007a 4500
005 20220824230513.0
007 cr|||| |||
008 220824s2021 pe |||||s|||| 00||0 spa d
020 |a 9786123252311 
035 |a 36958 
040 |a vLex 
090 |c 13823  |d 13823 
245 0 0 |a Discrecionalidad judicial  |h [Recurso electrn̤ico] / 
256 |a Servicio en ln̕ea 
260 |a Lima:  |b Palestra Editores,  |c 2021 
300 |a 1 recurso electrn̤ico 
500 |a ¿Cm̤o se ejerce la discrecionalidad judicial en los casos difc̕iles? La tesis de este libro es que la discrecionalidad judicial no es absoluta, sino limitada. Sus limitaciones surgen principalmente del sistema normativo general, de los problemas institucionales del poder judicial y de la compleja red de relaciones entre los poderes. Teniendo todo esto en cuenta, se filtran varias posibilidades discrecionales. A veces solo queda una posibilidad, sin embargo, a veces el filtrado es incompleto y deja varias posibilidades. El juez debe actuar con objetividad, pero no tiene ms̀ remedio que decidir sobre la base de su experiencia personal y su cosmovisin̤ como juez. As,̕ la tesis de este libro es que, en l︢tima instancia, en los casos difc̕iles es la filosofa̕ judicial del juez, producto de su experiencia y de su cosmovisin̤, la que determina su eleccin̤. Este libro busca describir los diversos caminos que conducen a esta filosofa̕. 
506 1 |a Disponible solo en los productos indicados  |d vLex Global  |d vLex Global (Academic Edition, excluding Law Schools)  |d vLex Global (U.S. Academic Edition, Law Schools)  |d vLex Global (U.S. Academic Edition, excluding Law Schools)  |d vLex Global (Academic Edition, Law Schools) 
650 0 4 |a Derecho Militar  |z Per︢ 
740 0 |a vLex Libros (Servicio en ln̕ea) 
856 4 0 |u https://app.vlex.com/#/sources/36958  |z Acceso restringido 
942 |c BOOK 
999 0 |a Military Law